MARC

LEADER 00000nam0a2200000 4500
001 256298
005 20231101233113.0
020 |a RU  |b 87-54795ж 
035 |a (RuTPU)RU\TPU\book\278959 
090 |a 256298 
100 |a 20140407d1987 k y0rusy5003 ca 
101 0 |a rus 
102 |a RU 
105 |a a z 001zy 
200 1 |a Химические реактивы и особо чистые вещества  |e научные труды  |f Всесоюзный научно-исследовательский институт химических реактивов и особо чистых химических веществ (ИРЕА) 
210 |a Москва  |c Изд-во ИРЕА  |d 1987 
215 |a 224 с.  |c ил. 
225 1 |a Труды ИРЕА  |v Вып. 49 
320 |a Библиогр. в конце статей 
606 1 |a Химические вещества, особо чистые  |2 stltpush  |3 (RuTPU)RU\TPU\subj\70571  |9 84790 
606 1 |a Химические реактивы  |2 stltpush  |3 (RuTPU)RU\TPU\subj\73363  |9 86395 
610 1 |a органические реактивы 
610 1 |a неорганические реактивы 
610 1 |a получение 
610 1 |a исследование 
610 1 |a химия 
610 1 |a технология 
610 1 |a физико-химические исследования 
610 1 |a анализ 
610 1 |a физико-химические методы 
610 1 |a химические методы 
610 1 |a химические процессы 
610 1 |a химические аппараты 
610 1 |a автоматика 
610 1 |a технико-экономические исследования 
675 |a 54-4  |v 3 
675 |a 543-4  |v 3 
712 0 2 |a Всесоюзный научно-исследовательский институт химических реактивов и особо чистых химических веществ (ИРЕА)  |2 stltpush  |3 (RuTPU)RU\TPU\col\13967 
801 0 |a RU  |b RuMRKP  |c 19950417  |g psbo 
801 1 |a RU  |b 63413507  |c 20140407 
801 2 |a RU  |b 63413507  |c 20141114  |g RCR 
942 |c BK